00449 2200157 4500001002100000005001500021035002000036007000300056008004100059082001000100084001400110245002700124260009300151300003000244990001700274INLIS00000000000593920260701022300 a0010-0726000004ta260701 u dut  a919.1 a919.1 NET 4aThe netherlands indies aBuitenzorg, Java :bDivision of commerce, department of agriculture, industry & commerce a45 p. :bill. ;c24,5 cm. a0340/KA/2026